| 000 | 00549cam a2200193 a 4500 | ||
|---|---|---|---|
| 001 | 673705 | ||
| 005 | 20240226234709.0 | ||
| 008 | 951218s1996 enk b 001 0 eng | ||
| 020 | _a058227799X | ||
| 040 |
_aDLC _cDLC _dDLC |
||
| 082 | 0 | 0 |
_a323.1409045 _220 _bRAC. |
| 100 | 1 | _aWitte, Rob. | |
| 245 | 1 | 0 |
_aRacist violence and the state : _ba comparative analysis of Britain, France, and the Netherlands / _cRob Witte. |
| 260 |
_aLondon ; _aNew York : _bLongman, _c1996. |
||
| 300 | _ax, 222 p. ; | ||
| 650 | 0 | _aRacism | |
| 650 | 0 | _aViolence | |
| 942 | _cL | ||
| 999 |
_c491 _d491 |
||